Science Quiz

Random Science Quiz

Fish families Quiz Stats

 Plays Quiz not verified by Sporcle

Score 0/58 Timer 10:00
0 Plays Today
Fish Name Family % Correct
Balistes vetulaBalistidae
77.8%
Scomberomorus maculatusScombridae
77.8%
Scomberomorus cavallaScombridae
77.8%
Gobiosoma boscGobiidae
77.8%
Pomoxis nigromaculatusCentrarchidae
77.8%
Micropterus salmoidesCentrarchidae
77.8%
Lepomis macrochirusCentrarchidae
77.8%
Centrarchus macropterusCentrarchidae
77.8%
Chilomycterus schoepfiiDiodontidae
66.7%
Paralichthys lethostigmaParalichthyidae
66.7%
Paralichthys dentatusParalichthyidae
66.7%
Ancylopsetta quadrocellataParalichthyidae
66.7%
Trichiurus lepturusTrichiuridae
66.7%
Hypsoblennius hentzBlenniidae
66.7%
Pomacanthus paruPomacanthidae
66.7%
Sciaenops ocellatusSciaenidae
66.7%
Pogonias cromisSciaenidae
66.7%
Micropogonias undulatusSciaenidae
66.7%
Menticirrhus americanusSciaenidae
66.7%
Leiostomus xanthurusSciaenidae
66.7%
Cynoscion regalisSciaenidae
66.7%
Trachinotus carolinusCarangidae
66.7%
Selene vomerCarangidae
66.7%
Selene setapinnisCarangidae
66.7%
Decapterus punctatusCarangidae
66.7%
Coryphaena hippurusCoryphaenidae
66.7%
Perca flavescensPercidae
66.7%
Sphoeroides maculatusTetradontidae
55.6%
Symphurus plagiusaCynoglossidae
55.6%
Fish Name Family % Correct
Sphyraena barracudaSphyraenidae
55.6%
Astroscopus guttatusUranoscopidae
55.6%
Tautog onitisLabridae
55.6%
Bodianus pulchellusLabridae
55.6%
Abudefduf saxatillisPomacentridae
55.6%
Kyphosus sectatrix Kyphosidae
55.6%
Chaetodon ocellatusChaetodontidae
55.6%
Mullus auratusMullidae
55.6%
Lagodon rhoboidesSparidae
55.6%
Archsargus probatocephalusSparidae
55.6%
Lobotes surinamensisLobotidae
55.6%
Rhomboplites aurorubensLutjanidae
55.6%
Rachycentron canadumRachycentridae
55.6%
Echeneis naucratesEcheneidae
55.6%
Pomatomus saltatrixPomatomidae
55.6%
Apogon pseudomaculatusApogonidae
55.6%
Priacanthus arenatusPriacanthidae
55.6%
Pseudopleuronectes americanusPlueronectidae
44.4%
Scophthalmus aquosusScophthalmidae
44.4%
Chaetodipterus faberEphippidae
44.4%
Dormitator maculatusEleotridae
44.4%
Gobiesox strumosusGobiesocidae
44.4%
Elassoma boehlkeiElassomatidae
44.4%
ORthopristis chrysopteraHaemulidae
44.4%
Malacanthus plumeiriMalacanthidae
44.4%
Peprilus paruStromatidae
33.3%
Stephanolipis hespidusMonacanthidae
22.2%
Eucinostomus argenteusGerreidae
22.2%
Trinectes maculatusArchiridae
11.1%

You're not logged in!

Compare scores with friends on all Sporcle quizzes.
OR
Log In

Show Comments

Extras

Created Nov 28, 2010ReportNominate
Tags:common, family, fish

Top Quizzes Today


Score Distribution

Your Account Isn't Verified!

In order to create a playlist on Sporcle, you need to verify the email address you used during registration. Go to your Sporcle Settings to finish the process.

Report this User

Report this user for behavior that violates our Community Guidelines.

Details: